Une Afrique entre le village et la ville : les migration dans le sud du Cameroun

Αποθηκεύτηκε σε:
Λεπτομέρειες βιβλιογραφικής εγγραφής
Κύριος συγγραφέας: Franqueville, Andre
Μορφή: Βιβλίο
Γλώσσα:French
Δημοσίευση: Paris : L'ORSTOM, 1987.
Σειρά:Memoires ORSTOM ; 109
Θέματα:
Ετικέτες: Προσθήκη ετικέτας
Δεν υπάρχουν, Καταχωρήστε ετικέτα πρώτοι!

MARC

LEADER 00000cam a2200000 i 4500
001 1/728
008 950705s1987 fr | ||| |||| ||fre||
020 |a 2709908050 
035 |l 10014183 
040 |a GR-MyUa  |b gre  |e AACR2 
041 0 |a fre 
082 7 |a 307.24096711   |2 (22) 
100 1 |a Franqueville, Andre. 
245 1 4 |a Une Afrique entre le village et la ville :   |b les migration dans le sud du Cameroun /   |c Andre Franqueville. 
260 |a Paris :   |b L'ORSTOM,   |c 1987. 
300 |a 646 σ. :   |b εικ. ;   |c 24 εκ. 
490 1 |a (Memoires ORSTOM ;   |v 109) 
650 0 0 |a Rural-urban migration  |z Cameroon. 
650 0 0 |a Rural-urban migration  |z Africa. 
830 0 |a Memoires ORSTOM ;  |v 109 
852 |a INST  |b LESVOS  |e 19950705  |h 307.24096711 FRA  |p 005100007997  |q 005100007997  |t BK  |y 0 
970 |z 2000/05/ΟΙΚΟΝΟΜΟΠΟΥΛΟΥ ΧΡΙΣΤΙΝΑ